| 000 | 01585cam a2200217 4500 | ||
|---|---|---|---|
| 001 | WB3814-19 | ||
| 008 | 020418n2002 000 0 eng u | ||
| 035 | _a(Sirsi) u117559 | ||
| 245 | _aRentcharge | ||
| 260 | _c2002 | ||
| 490 |
_aEstates Gazette _v[2002] 15 EG 132 (CS) (6/4/02) |
||
| 520 | _a"Orchard Trading Estate Management Ltd v Johnson Security Ltd", CA 26 March 2002. Respondent (J) owned and managed the common part of an industrial estate in Toddington, Gloucestershire. Appellant (O) was the freehold owner of one of the units of the estate. J was entitled to recover from the freeholder rates and service expenditure, but by virtue of the Rentcharges Act 1977 S2(3)(c) estate rentcharges were an exception to the prohibition on the creation of new rentcharges. J tried to recover certain sums under the rentcharge, O contended it was void because it failed to comply with S2(4)(b) 2(5) of the 1977 act. CA upheld hc's decision that S2(4)(6) and 2(5) had been satisfied, appeal dismissed. Full copy of judgement available on http://www.courtservice.gov.uk/View.do?id=1103&searchTerm=Orchard+Trading+Estate+Management&ascending=false&index=1&maxIndex=134. | ||
| 590 | _aWB | ||
| 650 | _aORCHARD TRADING ESTATE MANAGEMENT V JOHNSON SECURITY LTD | ||
| 650 | _aRENTCHARGE | ||
| 650 | _aRENTCHARGE ACT 1977 S2 | ||
| 650 | _aESTATE MANAGEMENT | ||
| 690 | _aLANDLORD AND TENANT-BUSINESS TENANCIES-CASE LAW | ||
| 856 | _uhttps://www.courtservice.gov.uk/View.do?id=1103&searchTerm=Orchard+Trading+Estate+Management&ascending=false&index=1&maxIndex=134 | ||
| 942 | _n0 | ||
| 999 |
_c70006 _d70006 |
||